Statistiques concernant Les trios d'attaquants mythiques du football

Cliquez ici pour prendre le quiz!

Statistiques générales

  • Ce quiz a été pris 10 890 fois
  • Le résultat moyen est 9 sur 10

Statistiques - réponses

Trio d'attaqueClub ou sélection% Correct
Messi - Eto'o - HenryFC Barcelone
96%
Messi - Neymar - SuarezFC Barcelone
96%
C.Ronaldo - Tevez - RooneyManchester United
96%
Bale - Benzema - C.RonaldoReal Madrid
96%
Hoeness - Müller - RummeniggeBayern Munich / Allemagne
95%
Cruyff - Rep - KeizerAjax Amsterdam / Pays-Bas
92%
Rivaldo - Ronaldo - RonaldinhoBrésil
92%
Jairzinho - Tostao - PeléBrésil
89%
Di Stefano - Gento - PuskasReal Madrid
83%
Best - Law - CharltonManchester United
74%

Distribution des résultats

Percentile par nombre de réponses

% des personnes avec chaque résultat

Votre développement - résultats

Vous n’avez pas pris ce quiz